| 000 | 00945nam a22002777a 4500 | ||
|---|---|---|---|
| 001 | 7447 | ||
| 003 | FISKH | ||
| 005 | 20250716101001.0 | ||
| 008 | 250716b cb ||||| |||| 00| 0 eng d | ||
| 020 | _a9780763623302 | ||
| 040 |
_aFISKH _beng _cFISKH _dFISKH |
||
| 050 | _aPZ8.S9934 H | ||
| 082 | _a813.6 | ||
| 100 | _aSwaim, Jessica | ||
| 245 |
_aThe hound from the pound / _cJessica Swaim ; illustrated by Jill McElmurry |
||
| 260 |
_aMassachusetts : _bCandlewick Press, _c2007. |
||
| 300 |
_a26 unnumbered pages : _bcolor illustrations ; _c24 x 27 cm |
||
| 505 | _aH | ||
| 520 | _aWhen lonely Miss Mary Lynn MacIntosh decides to adopt Blue, a basset hound from the pound, she gets far more companionship than she ever expected. | ||
| 521 | 8 |
_a430
_bLexile estimate |
|
| 521 | 8 |
_aH
_bRaz-Plus |
|
| 650 |
_aPicture Book _vBasset Hound |
||
| 700 |
_aMcElmurry, Jill _eillustrator |
||
| 942 |
_2ddc _cBK _n0 |
||
| 999 |
_c7447 _d7447 |
||